[Event "RUS-chT Premier 2021"]
[White "Vitiugov,Nikita"]
[Black "Predke,Alexandr"]
[WhiteTeam "Медный всадник"]
[BlackTeam "Шахматная сборная Москвы"]
[Site "Sochi"]
[Round "3.1"]
[Annotator "TA"]
[Result "1-0"]
[Date "2021.05.03"]
[WhiteElo "2715"]
[BlackElo "2690"]
[PlyCount "85"]

1. d4 {} Nf6 2. c4 e6 3. Nc3 Bb4 4. e3 0-0 5. Bd3 d5 6. a3 Bxc3+ 7. bxc3 dxc4 8. Bxc4 c5 9. Ne2 Qc7 10. Ba2 $1 { is recently more successful
than 10.Bd3.} b6 {E49: Nimzo-Indian: Rubinstein: 5 Bd3 d5 6 a3 Bxc3+ 7 bxc3.} 11. 0-0 Rd8 12. Ng3 Bb7 {The position is equal.} 13. Bb2 Nbd7 14. Qe2 Nf8 15. e4 Ng6 {[#]} 16. f3 $146 ({Predecessor:} 16. e5 Nd5 17. f3 cxd4 18. cxd4 Ndf4 19. Qd2 Qxe5 20. Rfe1 Qg5 21. Bc1 h5 22. Ne4 Bxe4 23. Rxe4 {0-1 (40) Tregubov,
P (2510)-Korchmar,V (2539) Chess.com INT 2018} )Rac8 17. Rad1 h5 18. Qe3 h4 19. Ne2 Bxe4 20. fxe4 {Nf4 is the strong threat.} Qxh2+ { Decoy} 21. Kxh2 Ng4+ { Double Attack} 22. Kg1 Nxe3 23. Rc1 {Threatens to win
with Rf3.} Nxf1 24. Kxf1 b5 25. Kf2 Ne7 26. Bb1 cxd4 27. cxd4 Rxc1 28. Nxc1 (28. Bxc1 {is interesting.} Nc6 29. Bg5 f6 30. Be3 b4 31. d5 )Nc8 29. Nb3 Nb6 30. Bc3 Nc4 31. Bb4 $1 Rc8 32. d5 Rd8 33. Na5 Nxa5 (33... exd5 $11 34. Nc6 { Double Attack} Rd7 )34. Bxa5 $16 Rd7 (34... Ra8 $16 {was worth a
try.} )35. Ba2 $18 exd5 36. exd5 Kf8 {[#]} 37. d6 $1 Ke8 38. Bc7 a5 $2 {
 [#] Loses the game.} (38... g5 $16 )39. Kf3 $1 Rxc7 (39... b4 $18 40. axb4 (40. Bxa5 bxa3 41. Bc7 g5 $11 )axb4 )40. dxc7 {White mates.} Kd7 41. Bxf7 Kxc7 42. Kg4 Kd6 43. Kxh4 {Weighted Error Value: White=0.03/Black=0.56
} 1-0

[Event "RUS-chT Premier 2021"]
[White "Inarkiev,Ernesto"]
[Black "Matlakov,Maxim"]
[WhiteTeam "Шахматная сборная Москвы"]
[BlackTeam "Медный всадник"]
[Site "Sochi"]
[Round "3.2"]
[Annotator "TA"]
[Result "1/2-1/2"]
[Date "2021.05.03"]
[WhiteElo "2654"]
[BlackElo "2688"]
[PlyCount "100"]

1. d4 {} Nf6 2. c4 e6 3. Nf3 d5 4. Nc3 Bb4 5. Bg5 h6 6. Bxf6 Qxf6 7. Qa4+ Nc6 8. e3 0-0 {D38: Queen's Gambit Declined: Ragozin Defence (4
Nf3 Bb4).} 9. Rc1 Rd8 10. Qb3 {[#]} a5 $146 {} ({
Predecessor:} 10... dxc4 11. Bxc4 Qe7 12. a3 Bd6 13. Bb5 Bd7 14. 0-0 a6 15. Be2 Rdc8 16. Ne4 e5 17. Nxd6 cxd6 {1-0 (38) Mchedlishvili,M (2603)-Inarkiev,E 
(2689) Riadh 2017} )11. a3 a4 $1 {} 12. Qc2 Ba5 13. cxd5 exd5 14. Be2 Bf5 15. Qd1 Ne7 16. 0-0 Bxc3 17. Rxc3 c6 18. Ne5 Nc8 19. Rc1 Nd6 20. Qe1 Re8 21. Qb4 Qe7 22. Bh5 g6 23. Be2 Kg7 24. Rfe1 h5 25. Bf1 h4 26. f3 f6 27. Nd3 Bxd3 28. Bxd3 f5 29. Re2 Qd7 30. Qc3 Re6 31. e4 (31. h3 $15 )fxe4 $17 32. fxe4 Nxe4 33. Bxe4 {Hoping for Bf3.} Rxe4 (33... Rae8 $17 34. Bf5 gxf5 )34. Rxe4 $11 dxe4 $17 { Endgame KQR-KQR} 35. d5+ $1 Kh7 36. dxc6 bxc6 37. Qf6 Re8 38. h3 Re6 39. Qxh4+ Kg7 40. Qg4 Qd4+ 41. Kh2 Qe5+ 42. Qg3 Qxb2 43. Qc7+ Kh6 44. Rc4 {[#]} (44. Qf4+ $11 {and White is okay.} g5 45. Qf8+ Qg7 46. Qc8 Qe5+ 47. Kg1 )Qf6 $1 $19 ({And not} 44... Qxa3 45. Qd8 $11 )45. Rxa4 {[#]} ({White should try} 45. Rc2 $19 )Re5 (45... c5 $1 $17 46. Qb8 g5 )46. Ra7 $11 {The position is equal.} Qf4+ 47. Kg1 {Strongly threatening h4.} Qc1+ 48. Kh2 {Qg7+ would kill now.} Qf4+ 49. Kg1 {And now h4 would win.} Qc1+ 50. Kh2 {Intending Qg7+ and mate.} Qf4+ {Weighted Error Value: White=0.19/
Black=0.07} 1/2-1/2

[Event "RUS-chT Premier 2021"]
[White "Alekseenko,Kirill"]
[Black "Sjugirov,Sanan"]
[WhiteTeam "Медный всадник"]
[BlackTeam "Шахматная сборная Москвы"]
[Site "Sochi"]
[Round "3.3"]
[Annotator "TA"]
[Result "1-0"]
[Date "2021.05.03"]
[WhiteElo "2696"]
[BlackElo "2663"]
[PlyCount "79"]

1. e4 {} c6 2. d4 d5 3. e5 Bf5 4. Nd2 e6 5. Nb3 c5 6. Bb5+ {B12:
Caro-Kann: Advance Variation.} Nc6 7. dxc5 Bxc5 8. Bxc6+ {White is slightly
better.} (8. a4 {looks sharper.} Qb6 9. Nxc5 Qxc5 10. c3 Qb6 11. Nf3 )bxc6 9. Nxc5 {Hoping for Nb7.} Qa5+ { Double Attack} 10. c3 {Nb7 is the
strong threat.} Qxc5 11. Ne2 Ne7 12. 0-0 {[#]} a5 $146 ({Predecessor:} 12... Qb6 13. b4 Qc7 14. Qd4 0-0 15. Bg5 Ng6 16. g4 Nxe5 17. f3 Bg6 18. Bf4 f6 {
0-1 (51) Manova,I (1953)-Andonovski,L (2287) Skopje 2018} )13. Be3 $36 {
 White is pushing.} Qb5 14. a4 Qxb2 15. Bc5 Qc2 (15... Bg6 {feels
hotter.} 16. Ra3 Rb8 17. Nd4 Rb7 18. Re1 h5 )16. Qxc2 (16. Nd4 $5 {
} Qxd1 17. Rfxd1 $14 )Bxc2 17. Nd4 Bg6 (17... Bd3 $5 {} 18. Rfd1 Ba6 $11 )18. Ra2 Nf5 (18... Bd3 $1 $11 {keeps the balance.} 19. Rd1 Ba6 )19. Rb2 $16 Nxd4 20. cxd4 Kd7 21. Bd6 { White has strong
compensation.} Ra7 22. Rc1 Rd8 23. h4 Bd3 24. Bc5 Rc7 25. Rc3 Bc4 (25... Bg6 $16 )26. Rg3 g6 27. Rf3 Ke8 28. h5 $1 gxh5 {[#]} (28... Ba6 $142 29. hxg6 hxg6 )29. Rg3 $1 $18 Kd7 30. Rg7 Kc8 31. Bd6 ({But not} 31. Rxh7 $6 Bd3 $16 )Rb7 32. Rxb7 Kxb7 33. Rxf7+ { Endgame KRB-KRB} Ka8 {[#]} 34. Re7 $1 ({Weaker is} 34. Rxh7 Bb3 $16 )Bb3 $2 (34... h4 35. Rxe6 (35. Rxh7 Bd3 $16 )Rg8 )35. Rxe6 {White is clearly winning.} Bxa4 36. Rf6 Kb7 (36... h4 $142 37. f4 c5 38. Bxc5 Rg8 39. Ra6+ Kb8 )37. Rf7+ Ka6 38. f4 Bc2 39. f5 Be4 {
[#]} 40. e6 $1 {Weighted Error Value: White=0.03/Black=0.36} 1-0

[Event "RUS-chT Premier 2021"]
[White "Sarana,Alexey"]
[Black "Esipenko,Andrey"]
[WhiteTeam "Шахматная сборная Москвы"]
[BlackTeam "Медный всадник"]
[Site "Sochi"]
[Round "3.4"]
[Annotator "TA"]
[Result "0-1"]
[Date "2021.05.03"]
[WhiteElo "2649"]
[BlackElo "2701"]
[PlyCount "96"]

1. d4 {} Nf6 2. c4 e6 3. Nc3 Bb4 4. f3 d5 5. a3 Be7 6. e4 dxc4 7. Bxc4 c5 {E20: Nimzo-Indian: 4 g3 and 4 f3.} 8. Nge2 Nc6 {} 9. Be3 0-0 {[#] The position is equal.} 10. dxc5 $146 ({
Predecessor:} 10. Bb5 cxd4 11. Nxd4 Nxd4 12. Qxd4 Bd7 13. Bxd7 Qxd7 14. Qxd7 Nxd7 15. Ke2 Ne5 16. Rhd1 {1-0 (23) Shabalov,A (2535)-Barsov,A (2415) Neu
Isenburg 1992} )Ne5 11. Ba2 Nd3+ { Double Attack} 12. Kf1 b6 13. c6 Bc5 14. c7 Qd7 15. Bxc5 bxc5 16. Qc2 Ba6 17. Rd1 Rfc8 18. Na4 Qb5 ({
Inferior is} 18... Rxc7 19. Bc4 $16 )19. Nac3 Qxb2 20. Qa4 (20. Qxb2 $15 Nxb2 21. Rd6 )Qb6 $17 {Strongly threatening ...c4.} 21. Rb1 Qd6 22. Rd1 {[#]} (22. Nb5 {might work better.} Bxb5 23. Qxb5 )Nd7 $1 $19 ({And not} 22... Rxc7 23. e5 $16 )23. f4 {And now Bc4 would win.} Rxc7 {Threatens to win with ..
.c4.} 24. Bc4 Bxc4 25. Qxc4 Nb2 { Double Attack, Discovered Attack} 26. Rxd6 Nxc4 27. Rd3 Nxa3 28. Kf2 Nb6 (28... h6 $19 29. Rhd1 Nb6 )29. Rhd1 (29. Ra1 $17 Nac4 30. Nb5 )Rcc8 30. Ra1 Nc2 31. Ra5 Nb4 32. Rd1 a6 {
} 33. e5 Nc4 34. Raa1 a5 35. Rd7 Rd8 36. Rb7 (36. Rxd8+ {keeps fighting.} Rxd8 37. Ne4 )h6 37. Ne4 Nd3+ 38. Kf3 a4 39. g4 a3 {Black is clearly winning.} 40. g5 Rab8 41. Rxb8 Rxb8 42. gxh6 Rb3 43. Rg1 (43. Kg4 $142 gxh6 44. N2c3 )Ndxe5+ { Discovered Attack
(Double check)} 44. Kf2 Rf3+ 45. Kg2 {[#]} Re3 $1 46. fxe5 {White wants to
play N2c3.} Rxe4 47. Kf3 Nd2+ 48. Kf2 g6 {Weighted Error Value: White=0.42/
Black=0.25} 0-1

[Event "RUS-chT Premier 2021"]
[White "Fedoseev,Vladimir"]
[Black "Najer,Evgeniy"]
[WhiteTeam "Медный всадник"]
[BlackTeam "Шахматная сборная Москвы"]
[Site "Sochi"]
[Round "3.5"]
[Annotator "TA"]
[Result "1/2-1/2"]
[Date "2021.05.03"]
[WhiteElo "2687"]
[BlackElo "2648"]
[PlyCount "59"]

1. d4 {} d5 2. c4 c6 3. Nf3 Nf6 4. Nc3 e6 5. e3 Nbd7 6. h3 Bd6 7. Bd3 0-0 8. 0-0 e5 9. cxd5 cxd5 10. dxe5 Nxe5 11. b3 {D46:
Semi-Slav: 5 e3 Nbd7 6 Bd3, Black avoids the Meran.} Qe7 {[#] Threatens to win
with ...Nxf3+.} 12. Bb2 Bd7 13. Nd4 {[#]} Rfd8 $146 ({Predecessor:} 13... Nxd3 14. Qxd3 Rac8 15. Rfd1 a6 {1/2-1/2 (15) Beltins,G (2075)-Sisak,R (1926) ICCF
email 2017} )14. Rc1 a6 15. Bf5 Rac8 16. Qe2 Be6 17. e4 (17. Na4 {is
interesting.} Ned7 18. Rfd1 g6 19. Bb1 Ba3 20. Bxa3 Qxa3 21. Nc3 )Nc6 {
The position is equal.} 18. Nxc6 bxc6 19. Bxe6 Qxe6 20. exd5 $1 cxd5 21. Qd3 Re8 22. Rcd1 {} Rcd8 23. Na4 Nh5 24. Bc1 h6 25. Qf3 Nf6 26. Bb2 Ne4 27. Qg4 Qxg4 28. hxg4 Nc5 29. Nxc5 Bxc5 30. Bd4 {Weighted Error Value: White=0.
08/Black=0.08} 1/2-1/2

[Event "RUS-chT Premier 2021"]
[White "Grachev,Boris"]
[Black "Sakaev,Konstantin"]
[WhiteTeam "Шахматная сборная Москвы"]
[BlackTeam "Медный всадник"]
[Site "Sochi"]
[Round "3.6"]
[Annotator "TA"]
[Result "1/2-1/2"]
[Date "2021.05.03"]
[WhiteElo "2619"]
[BlackElo "2604"]
[PlyCount "36"]

1. c4 {} e6 2. Nc3 d5 3. d4 c6 4. e4 dxe4 5. Nxe4 Bb4+ 6. Nc3 c5 7. a3 Bxc3+ 8. bxc3 Nf6 {D31: Queen's Gambit Declined: Semi-Slav without ...Nf6 (+ Marshall Gambit and
Noteboom) and Exchange Variation lines without ...Nf6.} 9. Nf3 Qa5 10. Bd2 $1 Ne4 11. Bd3 Nxd2 12. Qxd2 0-0 13. 0-0 (13. Qc2 {looks sharper.} cxd4 14. 0-0 dxc3 15. Bxh7+ Kh8 16. Rab1 )cxd4 14. cxd4 (14. Qc2 {feels hotter.} dxc3 15. Bxh7+ Kh8 16. Rab1 Qxa3 17. Be4 )Qxd2 {The position is equal.} 15. Nxd2 Rd8 16. Nb3 Bd7 {[#]} 17. a4 $146 ({Predecessor:} 17. Be4 Bc6 {1/2-1/2 
(17) Milos,G (2563)-Mecking,H (2554) Guarapuava 2006} )Nc6 18. Rfd1 b6 {
A rather calm draw.  Weighted Error Value: White=0.09/Black=0.00} 1/2-1/2

[Event "RUS-chT Premier 2021"]
[White "Motylev,Alexander"]
[Black "Shubin,Kirill"]
[WhiteTeam "Гоголевский, 14"]
[BlackTeam "СШОР"]
[Site "Sochi"]
[Round "3.7"]
[Annotator "TA"]
[Result "1/2-1/2"]
[Date "2021.05.03"]
[WhiteElo "2641"]
[BlackElo "2466"]
[PlyCount "80"]

1. e4 {} e6 2. d4 d5 3. e5 c5 4. c3 Qb6 5. Nf3 Nc6 6. a3 Nh6 7. Bd3 Bd7 { C02: French: Advance
Variation.} 8. 0-0 cxd4 9. b4 $1 { now scores much better than the old
9.cxd4.} dxc3 10. Nxc3 Rc8 {[#]} 11. Na4 $146 ({Predecessor:} 11. Bb2 Nd4 12. Rc1 Nxf3+ 13. Qxf3 Be7 14. Ne2 0-0 15. Bd4 Qd8 16. Ng3 f5 17. exf6 Bxf6 18. Bxf6 Qxf6 {0-1 (66) Alekseenko,K (2926)-Lugovskoy,M (2643) Chess.com INT 2019} )Qd8 12. Re1 b6 (12... Be7 $14 )13. Nc3 $1 $16 Nxb4 {[#]} 14. Bg5 $1 Nxd3 $15 15. Bxd8 Nxe1 16. Qxe1 {Strongly threatening Bg5.} Rxd8 17. Qb1 Bc5 18. Nb5 {[#]} 0-0 $1 19. Nxa7 (19. Nbd4 $17 {was worth a try.} )Ng4 $19 20. Ra2 f6 21. exf6 Nxf6 {aiming for ...Ra8.} 22. Nb5 Ne4 {And now ...Bxb5 would win.} 23. Rc2 {[#]} Ra8 (23... e5 $1 $17 24. Kf1 Bg4 )24. Nc3 ({White should play} 24. h4 $15 )Rxa3 $17 25. Nxe4 dxe4 26. Ng5 Bd4 27. Rd2 {[#]} Ra1 $1 28. Qxa1 Bxa1 29. Rxd7 { Endgame KRB-KRN} Rb8 30. Nxe4 b5 31. Rd3 e5 32. Kf1 b4 33. Ke2 ({White should try} 33. Rb3 $15 )Kf7 (33... b3 $142 34. Nd2 b2 )34. Rd7+ Kf8 35. Nc5 b3 (35... Bc3 $17 36. Ra7 Kg8 )36. Rd1 $11 {
Threatens to win with Nd7+.The position is equal.} Rb5 {Hoping for ...b2.} 37. Nxb3 Rxb3 38. Rxa1 Kf7 39. Ra6 Rc3 40. h4 h5 {Whites escaped into a draw. 
Weighted Error Value: White=0.20/Black=0.13} 1/2-1/2

[Event "RUS-chT Premier 2021"]
[White "Usmanov,Vasily"]
[Black "Goryachkina,Aleksandra"]
[WhiteTeam "СШОР"]
[BlackTeam "Гоголевский, 14"]
[Site "Sochi"]
[Round "3.8"]
[Annotator "TA"]
[Result "0-1"]
[Date "2021.05.03"]
[WhiteElo "2447"]
[BlackElo "2593"]
[PlyCount "50"]

1. e4 {} e6 2. d4 d5 3. Nc3 Nf6 4. Bg5 dxe4 5. Nxe4 Be7 6. Bxf6 Bxf6 7. Nf3 b6 8. Bd3 Bb7 9. Qe2 Nd7 10. 0-0-0 {C13: French: Classical System: 4 Bg5 Be7,
Alekhine-Chatard Attack.} Qe7 11. h4 {[#]} a6 $146 ({Predecessor:} 11... 0-0-0 12. c3 Rhe8 13. Nxf6 Qxf6 14. Ba6 Qf4+ 15. Kb1 Kb8 16. Bxb7 Kxb7 17. g3 Qf5+ {
1-0 (62) Guyonvarch,T (1448)-Roux,G (1642) Agneaux 2019} )12. Kb1 {White is
slightly better.} b5 13. Ne5 ({Of course not} 13. Nxf6+ Nxf6 14. Ne5 0-0 $11 )({White should play} 13. g4 $16 )Bxe5 $11 14. dxe5 0-0-0 15. f4 Nb6 16. h5 h6 17. Qf2 Bxe4 18. Bxe4 Qb4 19. Rxd8+ Rxd8 20. Qe1 Rd2 21. a3 (21. Bd3 $1 $11 {remains equal.} Nd5 22. a3 Qxf4 23. Rf1 )Qd4 $17 {Threatens to win with
...Nc4.} 22. b3 (22. c3 $17 Qf2 23. Qxf2 Rxf2 24. Rh4 )Nd7 $40 { aiming for ...Nc5. Black attacks with force.} 23. Kc1 $2 {[#]} (23. Bh7 )Nc5 $1 { ( -> ...Nxb3+!)} 24. Rh3 (24. Kb1 Nxe4 )Nxe4 {} 25. c3 Qd5 {Weighted Error Value: White=1.
14/Black=0.11} 0-1

[Event "RUS-chT Premier 2021"]
[White "Tregubov,Pavel V."]
[Black "Pershin,Denis"]
[WhiteTeam "Гоголевский, 14"]
[BlackTeam "СШОР"]
[Site "Sochi"]
[Round "3.9"]
[Annotator "TA"]
[Result "1-0"]
[Date "2021.05.03"]
[WhiteElo "2560"]
[BlackElo "2391"]
[PlyCount "119"]

1. e4 {} c6 2. Nf3 d5 3. Nc3 Bg4 4. h3 Bxf3 5. Qxf3 e6 6. g3 Nf6 7. Bg2 {B11: Caro-Kann: Two Knights Variation.} Bc5 8. 0-0 0-0 9. Rd1 {The
position is equal.} Bd4 10. d3 Nbd7 {[#]} 11. Qf4 $146 ({Predecessor:} 11. Ne2 Bb6 12. g4 dxe4 13. Qg3 Bc7 14. Bf4 e5 15. Bg5 exd3 16. Rxd3 Qe7 17. Qh4 {
1/2-1/2 (74) Lagno,K (2546)-Gunina,V (2431) Chess.com INT 2020} )Qb6 12. exd5 Be5 13. Qh4 cxd5 14. Ne2 Rfc8 (14... Bxb2 $2 15. Rb1 $18 )15. c3 Bd6 16. d4 h6 17. g4 Qc7 18. f3 b5 19. Bd2 a5 20. Qe1 Qb8 21. Rdc1 Nb6 22. b3 Ra7 23. Bf1 Nh7 24. Kg2 Qc7 25. Ng3 Qd7 26. Bd3 Rac7 27. f4 (27. Nh5 $16 )b4 $11 28. cxb4 Rxc1 29. Rxc1 Rxc1 30. Qxc1 axb4 31. Nh5 Nf8 (31... Qa7 $11 {remains
equal.} )32. f5 $1 $16 exf5 (32... Qa7 $16 )33. gxf5 (33. Bxh6 $1 $18 Qa7 34. Nxg7 (34. Bxg7 Qxa2+ 35. Bc2 fxg4 $14 )Qxa2+ 35. Bc2 )Nh7 $14 34. Qd1 {aiming for Qg4!} f6 (34... Bf8 $14 )35. h4 $18 Qa7 36. Qg4 Bf8 $2 (36... Kh8 $16 37. Bb5 Nf8 )37. Bb1 Qa3 38. Qd1 Qb2 39. Nf4 {Threatens to win with
Qe1.} Qxd4 40. Qe1 {White wants to mate with Qe6+.} Qe5 41. Qe3 $1 { White has strong compensation.} d4 42. Qf3 Bc5 43. Qc6 $2 (43. a4 $18 )Nf8 $14 44. Kf3 Nfd7 (44... Kh7 $11 {keeps the balance.} )45. Qe6+ $16 Kh7 {[#]} 46. Qxe5 (46. Qf7 Qb8 $15 )fxe5 47. Ne6 Nd5 48. f6+ $1 Kg8 49. fxg7 h5 {[#]} (49... Be7 $16 {keeps fighting.} )50. Bd3 $2 (50. Ke4 $1 $18 Nc3+ 51. Bxc3 bxc3 52. a4 )Be7 $11 51. Bc4 N5b6 ({Better is} 51... N7b6 $11 )52. Ke4 $14 Kf7 $2 {[#]} (52... Bxh4 $14 53. Bb5 (53. Bxb4 Nxc4 54. bxc4 Bg3 $11 )Be7 )53. Be2 $1 $18 Bxh4 (53... Kg8 54. Be1 )54. Bxh5+ ({
Don't do} 54. Bxb4 $6 Nf6+ 55. Kxe5 Bg3+ 56. Kf5 Nbd5 $18 )Kg8 {
intending ...Nf6+.} 55. Bg6 ({Not} 55. Bxb4 Nf6+ 56. Kxe5 Nxh5 $11 )Be7 56. Bh6 Bf6 57. Bf5 Be7 $2 (57... d3 $18 58. Kxd3 Nb8 )58. Nf8 {
Promotion. White mates.} Nxf8 59. gxf8=Q+ Bxf8 60. Be6+ {Weighted Error Value:
White=0.26/Black=0.46} 1-0

[Event "RUS-chT Premier 2021"]
[White "Askerov,Marat"]
[Black "Murzin,Volodar"]
[WhiteTeam "СШОР"]
[BlackTeam "Гоголевский, 14"]
[Site "Sochi"]
[Round "3.10"]
[Annotator "ChessBase"]
[Result "0-1"]
[Date "2021.05.03"]
[WhiteElo "2353"]
[BlackElo "2478"]
[PlyCount "94"]
[TimeControl "60"]

1. d4 {[%emt 0:0:0]} Nf6 {[%emt 0:0:0]} 2. c4 {[%emt 0:0:0]} g6 {[%emt 0:0:0]} 3. Nf3 {[%emt 0:0:0]} Bg7 {[%emt 0:0:0]} 4. g3 {[%emt 0:0:0]} 0-0 {[%emt 0:0:19]} 5. Bg2 {[%emt 0:0:0]} d6 {[%emt 0:1:8]} 6. 0-0 {[%emt 0:0:0]} Nbd7 {[%emt 0:1:22]} 7. Nc3 {[%emt 0:0:7]} e5 {[%emt 0:0:15]} 8. e4 {[%emt 0:0:6]} a6 {[%emt 0:1:25]} 9. Re1 {[%emt 0:15:58]} exd4 {[%emt 0:0:0]} 10. Nxd4 {[%emt 0:0:15]} Ng4 {[%emt 0:0:11]} 11. Qxg4 {[%emt 0:21:10]} Bxd4 {[%emt 0:0:25]} 12. Qe2 {[%emt 0:11:7]} Ne5 {[%emt 0:4:53]} 13. Bh6 {[%emt 0:13:8]
} Ng4 {[%emt 0:1:33]} 14. Bxf8 {[%emt 0:1:32]} Bxf2+ {[%emt 0:0:0]} 15. Kh1 {[%emt 0:2:42]} Bxe1 {[%emt 0:1:42]} 16. Rxe1 {[%emt 0:0:7]
} Kxf8 {[%emt 0:2:37]} 17. e5 {[%emt 0:10:15]} Nxe5 {[%emt 0:2:28]} 18. c5 {[%emt 0:0:54]
} Bf5 {[%emt 0:16:51]} 19. Qd2 {[%emt 0:11:22]} Kg7 {[%emt 0:0:0]} 20. Qd4 {[%emt 0:0:13]} Rb8 {[%emt 0:6:25]} 21. Rd1 {[%emt 0:10:38]} b6 {[%emt 0:2:15]} 22. cxb6 {[%emt 0:0:35]} cxb6 {[%emt 0:0:10]} 23. Nd5 {[%emt 0:0:29]
} Be6 {[%emt 0:0:58]} 24. Nb4 {[%emt 0:0:14]} Rc8 {[%emt 0:0:0]} 25. Nc6 {[%emt 0:1:4]} Qf6 {[%emt 0:3:59]} 26. Qxd6 {[%emt 0:0:26]} Nc4 {[%emt 0:0:25]} 27. Qd4 {[%emt 0:0:21]} Nxb2 {[%emt 0:0:8]} 28. Qxf6+ {[%emt 0:0:31]
} Kxf6 {[%emt 0:0:7]} 29. Rd4 {[%emt 0:0:41]} Nc4 {[%emt 0:0:0]} 30. Kg1 {[%emt 0:0:11]} a5 {[%emt 0:3:23]} 31. Kf2 {[%emt 0:0:18]} Ne5 {[%emt 0:0:23]} 32. Rf4+ {[%emt 0:1:3]} Bf5 {[%emt 0:0:8]} 33. Nxe5 {[%emt 0:0:24]
} Kxe5 {[%emt 0:0:22]} 34. Ke1 {[%emt 0:0:36]} Rc2 {[%emt 0:0:0]} 35. Rf2 {[%emt 0:0:25]} Rxf2 {[%emt 0:0:32]} 36. Kxf2 {[%emt 0:0:2]} Be4 {[%emt 0:0:16]} 37. Bf1 {[%emt 0:0:13]} g5 {[%emt 0:0:11]} 38. Bb5 {[%emt 0:0:15]
} f5 {[%emt 0:0:9]} 39. a4 {[%emt 0:0:9]} f4 {[%emt 0:0:4]} 40. gxf4+ {[%emt 0:0:0]} Kxf4 {[%emt 0:0:0]} 41. Be8 {[%emt 0:0:22]} g4 {[%emt 0:0:23]
} 42. Ke2 {[%emt 0:0:51]} Bg6 {[%emt 0:1:51]} 43. Bxg6 {[%emt 0:6:6]
} hxg6 {[%emt 0:0:14]} 44. Kf2 {[%emt 0:0:4]} Kg5 {[%emt 0:0:0]} 45. Kg3 {[%emt 0:1:3]} Kh5 {[%emt 0:0:17]} 46. Kf2 {[%emt 0:1:28]} Kh4 {[%emt 0:0:8]} 47. Kg2 {[%emt 0:0:6]} g5 {[%emt 0:0:6]} 0-1

[Event "RUS-chT Premier 2021"]
[White "Savchenko,Boris"]
[Black "Saveliev,Alexei"]
[WhiteTeam "Гоголевский, 14"]
[BlackTeam "СШОР"]
[Site "Sochi"]
[Round "3.11"]
[Annotator "ChessBase"]
[Result "1-0"]
[Date "2021.05.03"]
[WhiteElo "2552"]
[BlackElo "2358"]
[PlyCount "65"]
[TimeControl "60"]

1. c4 {[%emt 0:0:47]} c5 {[%emt 0:3:24]} 2. Nf3 {[%emt 0:0:50]} Nf6 {[%emt 0:0:49]
} 3. d4 {[%emt 0:0:39]} cxd4 {[%emt 0:0:38]} 4. Nxd4 {[%emt 0:0:0]} b6 {[%emt 0:3:6]} 5. Nc3 {[%emt 0:2:29]} Bb7 {[%emt 0:0:21]} 6. f3 {[%emt 0:0:53]} e6 {[%emt 0:4:11]} 7. e4 {[%emt 0:5:23]} d6 {[%emt 0:0:19]} 8. Be3 {[%emt 0:0:15]} Be7 {[%emt 0:0:5]} 9. Qd2 {[%emt 0:0:19]} 0-0 {[%emt 0:0:30]
} 10. g4 {[%emt 0:0:9]} Nc6 {[%emt 0:5:54]} 11. 0-0-0 {[%emt 0:0:25]
} a6 {[%emt 0:1:19]} 12. Kb1 {[%emt 0:6:49]} Rc8 {[%emt 0:0:0]} 13. Be2 {[%emt 0:4:33]} Qc7 {[%emt 0:11:33]} 14. Rc1 {[%emt 0:11:46]} Qb8 {[%emt 0:0:22]} 15. g5 {[%emt 0:3:55]} Nd7 {[%emt 0:0:59]} 16. h4 {[%emt 0:0:0]} Rfd8 {[%emt 0:5:57]} 17. h5 {[%emt 0:7:31]} Nf8 {[%emt 0:3:52]} 18. h6 {[%emt 0:3:53]} g6 {[%emt 0:2:37]} 19. Nd5 {[%emt 0:2:27]} exd5 {[%emt 0:0:0]} 20. Nxc6 {[%emt 0:1:17]} Bxc6 {[%emt 0:2:36]} 21. cxd5 {[%emt 0:0:0]} Bxd5 {[%emt 0:14:8]} 22. exd5 {[%emt 0:0:18]} Nd7 {[%emt 0:0:7]} 23. Bxa6 {[%emt 0:3:53]} Rxc1+ {[%emt 0:0:17]} 24. Rxc1 {[%emt 0:0:5]} b5 {[%emt 0:1:49]
} 25. Qa5 {[%emt 0:2:57]} Nc5 {[%emt 0:1:11]} 26. Bxb5 {[%emt 0:0:39]
} Qc8 {[%emt 0:1:31]} 27. Bd3 {[%emt 0:0:27]} Qh3 {[%emt 0:0:0]} 28. Qc3 {[%emt 0:1:30]} f6 {[%emt 0:2:2]} 29. gxf6 {[%emt 0:1:15]} Bf8 {[%emt 0:0:9]} 30. Bg5 {[%emt 0:3:16]} Kf7 {[%emt 0:2:28]} 31. b4 {[%emt 0:0:0]} Rb8 {[%emt 0:5:54]} 32. Ka1 {[%emt 0:3:21]} Nd7 {[%emt 0:3:55]} 33. f4 {[%emt 0:0:43]} 1-0